000 00814nam a2200229Ia 4500
003 OSt
005 20191211062519.0
008 180305s9999||||xx |||||||||||||| ||und||
040 _apeliigp
_bespañol
_cpeliigp
041 _aspa
082 0 4 _221
_a363.357/I5M/2006
110 2 _aInstituto Nacional de Defensa Civil (INDECI)
_91437
245 1 0 _aManual de conocimientos básicos para comités de defensa civil y oficinas de defensa civil
260 _aLima:
_bINDECI, Dirección Nacional de Educación y Capacitación,
_c2006.
300 _a159 p.;
_c21 cm.
500 _aIncluye glosario: páginas 142-159.
650 1 4 _91707
_aDEFENSA CIVIL
_vMANUALES
_zPERÚ
650 2 4 _9516
_aGESTIÓN DE EMERGENCIAS
_zPERÚ
710 2 _91709
_aSistema Nacional de Defensa Civil (Perú)
910 _aphc
942 _cBK
_2ddc
999 _c4442
_d4442